brawl stars trios - Statistics

General Stats
  • This quiz has been taken 2,330 times
  • The average score is 65 of 80
Answer Stats
Question Tile Select % Correct
retro polis nita No
93%
retro polis poco No
93%
retro polis sandy No
93%
retro polis bea No
92%
retro polis bo No
92%
retro polis tara No
92%
retro polis tick No
92%
retro polis colette No
91%
wild west frank No
89%
wild west gene No
89%
retro polis mortis No
89%
wild west bea No
88%
wild west colette No
88%
wild west Edgar No
88%
wild west ghost No
88%
wild west leon No
88%
wild west mortis No
88%
wild west rosa No
88%
retro polis brock No
87%
retro polis Edgar No
87%
retro polis emz No
87%
retro polis frank No
87%
wild west barley No
86%
wild west crow No
86%
undead amber No
85%
wild west bull No
85%
undead bull No
85%
undead colette No
85%
undead colt No
85%
undead Edgar No
85%
undead leon No
85%
undead lou No
85%
undead sandy No
85%
undead bea No
84%
undead crow No
84%
undead tara No
83%
retro polis bibi Yes
82%
wild west poco No
82%
undead poco No
82%
wild west colt Yes
81%
undead ghost No
81%
junker poco No
81%
junker rosa No
81%
junker shelly No
81%
junker bea No
80%
junker bull No
80%
junker crow No
80%
junker gene No
80%
junker ghost No
80%
junker mortis No
80%
wild west shelly Yes
80%
junker tara No
80%
junker colette No
79%
junker Edgar No
79%
junker frank No
79%
undead frank Yes
78%
retro polis bull Yes
77%
shamunu what the heck the name is colt No
76%
undead emz Yes
76%
shamunu what the heck the name is frank No
76%
shamunu what the heck the name is mortis No
76%
shamunu what the heck the name is bull No
75%
shamunu what the heck the name is crow No
75%
shamunu what the heck the name is emz No
75%
undead mortis Yes
75%
shamunu what the heck the name is poco No
75%
shamunu what the heck the name is bea No
74%
shamunu what the heck the name is lou No
74%
wild west spike Yes
74%
shamunu what the heck the name is colette No
72%
retro polis crow Yes
72%
shamunu what the heck the name is Edgar No
72%
shamunu what the heck the name is ghost No
72%
shamunu what the heck the name is sandy No
72%
junker jessie Yes
71%
junker pam Yes
71%
junker nani Yes
68%
shamunu what the heck the name is nita Yes
59%
shamunu what the heck the name is bo Yes
58%
shamunu what the heck the name is leon Yes
58%
No matching quizzes found
Score Distribution
Percent of People with Each Score
Percentile by Number Answered
Your Score History
You have not taken this quiz